Estatísticas para Capitais mundiais mais próximos de Doha

Clique aqui para jogar o quiz

Estatísticas Gerais

  • Esse quiz foi jogado 17 vezes
  • A pontuação média é 15 de 20

Estatísticas das Respostas

kmcapital% Correto
492Riade
94%
302Abu Dhabi
88%
1131Bagdá
88%
1818Beirute
88%
575Kuweit
88%
722Mascate
88%
1343Saná
88%
1158Teerã
88%
1734Damasco
82%
1748Jerusalém
82%
140Manama
82%
1693Amã
76%
1686Baku
65%
1783Erevan
65%
1989Cabul
59%
1930Tbilisi
59%
1549Asgabate
53%
2059Nicosia
53%
1718Asmara
41%
1764Djibouti
41%

Distribuição das Pontuações

Percentil de Números Respondidos

Porcentagem de Pessoas com Cada Pontuação

Sua Pontuação Histórica

Você não jogou esse quiz